مكتبة جامعة عجلون الوطنية

فهرس بحث المكتبة

المنمي لنظم المعلومات : معجم موسوعي للمفاهيم والمصطلحات ،إنجليزي - عربي - فرنسي (Record no. 14244)

MARC details
000 -LEADER
fixed length control field 00984nam a2200253Ii 4500
003 - CONTROL NUMBER IDENTIFIER
control field JO-AjNU
005 - DATE AND TIME OF LATEST TRANSACTION
control field 20241203125850.0
008 - FIXED-LENGTH DATA ELEMENTS--GENERAL INFORMATION
fixed length control field 230605s9999||||xx |||||||||||||| ||und||
017 ## - COPYRIGHT OR LEGAL DEPOSIT NUMBER
Copyright or legal deposit number 23/3607
020 ## - INTERNATIONAL STANDARD BOOK NUMBER
International Standard Book Number 9960-40-206-1
040 ## - CATALOGING SOURCE
Original cataloging agency JO-AjNU
Language of cataloging ara
Description conventions rda
Transcribing agency JO-AjNU
041 ## - LANGUAGE CODE
Language code of text/sound track or separate title ara
050 14 - LIBRARY OF CONGRESS CALL NUMBER
Classification number T58.6.H37.2003
100 3# - MAIN ENTRY--PERSONAL NAME
Personal name الحسنيه، سليم إبراهيم,
Relator term author
9 (RLIN) 27739
245 00 - TITLE STATEMENT
Title المنمي لنظم المعلومات : معجم موسوعي للمفاهيم والمصطلحات ،إنجليزي - عربي - فرنسي
250 ## - EDITION STATEMENT
Edition statement ط1
264 31 - PRODUCTION, PUBLICATION, DISTRIBUTION, MANUFACTURE, AND COPYRIGHT NOTICE
Place of production, publication, distribution, manufacture الرياض: مكتبة العبيكان، 2003
300 ## - PHYSICAL DESCRIPTION
Extent 738ص
Other physical details يشتمل على المراجع الببلوغرافية باللغة العربية واللغة الأجنبية ص(738-733)
336 ## - CONTENT TYPE
Content type term text
Content type code txt
Source rdacontent
337 ## - MEDIA TYPE
Media type term unmediated
Media type code n
Source rdamedia
338 ## - CARRIER TYPE
Carrier type term volume
Carrier type code nc
Source rdacarrier
650 #4 - SUBJECT ADDED ENTRY--TOPICAL TERM
Topical term or geographic name entry element نظم المعلومات -- المعاجم
9 (RLIN) 27740
942 ## - ADDED ENTRY ELEMENTS (KOHA)
Source of classification or shelving scheme Library of Congress Classification
Koha item type Reference

No items available.